<?xml version="1.0" encoding="UTF-8"?>
<record
    xmlns:xsi="http://www.w3.org/2001/XMLSchema-instance"
    xsi:schemaLocation="http://www.loc.gov/MARC21/slim http://www.loc.gov/standards/marcxml/schema/MARC21slim.xsd"
    xmlns="http://www.loc.gov/MARC21/slim">

  <leader>00361nam a2200145Ia 4500</leader>
  <controlfield tag="008">150201s2011    xx            000 0 und d</controlfield>
  <datafield tag="082" ind1=" " ind2=" ">
    <subfield code="a">617.643</subfield>
    <subfield code="b">O2011S</subfield>
  </datafield>
  <datafield tag="100" ind1=" " ind2=" ">
    <subfield code="a">S GOWRI SHANKAR</subfield>
  </datafield>
  <datafield tag="245" ind1=" " ind2=" ">
    <subfield code="a">TEXT BOOK OF ORTHODONTICS</subfield>
  </datafield>
  <datafield tag="250" ind1=" " ind2=" ">
    <subfield code="a">1ST</subfield>
  </datafield>
  <datafield tag="260" ind1=" " ind2=" ">
    <subfield code="b">PARAS PUBLISHING</subfield>
    <subfield code="a">HYDERABAD</subfield>
    <subfield code="c">2011</subfield>
  </datafield>
  <datafield tag="300" ind1=" " ind2=" ">
    <subfield code="a">1-802</subfield>
  </datafield>
  <datafield tag="650" ind1=" " ind2=" ">
    <subfield code="a">ORTHODONTICS</subfield>
  </datafield>
  <datafield tag="942" ind1=" " ind2=" ">
    <subfield code="2">ddc</subfield>
    <subfield code="c">BK</subfield>
    <subfield code="0">11</subfield>
  </datafield>
  <datafield tag="952" ind1=" " ind2=" ">
    <subfield code="0">0</subfield>
    <subfield code="1">0</subfield>
    <subfield code="2">ddc</subfield>
    <subfield code="4">0</subfield>
    <subfield code="7">0</subfield>
    <subfield code="a">FD</subfield>
    <subfield code="b">FD</subfield>
    <subfield code="d">2011-11-11</subfield>
    <subfield code="e">U.B.S.DELHI</subfield>
    <subfield code="g">925.00</subfield>
    <subfield code="h">1</subfield>
    <subfield code="i">SGTU</subfield>
    <subfield code="l">64</subfield>
    <subfield code="o">617.643 O2011S</subfield>
    <subfield code="p">FD6576</subfield>
    <subfield code="r">2025-10-10 00:00:00</subfield>
    <subfield code="s">2025-10-10</subfield>
    <subfield code="w">2013-06-08</subfield>
    <subfield code="y">BK</subfield>
    <subfield code="k">514</subfield>
  </datafield>
  <datafield tag="952" ind1=" " ind2=" ">
    <subfield code="0">0</subfield>
    <subfield code="1">0</subfield>
    <subfield code="2">ddc</subfield>
    <subfield code="4">0</subfield>
    <subfield code="7">0</subfield>
    <subfield code="a">FD</subfield>
    <subfield code="b">FD</subfield>
    <subfield code="d">2011-11-11</subfield>
    <subfield code="e">U.B.S.DELHI</subfield>
    <subfield code="g">925.00</subfield>
    <subfield code="h">1</subfield>
    <subfield code="i">SGTU</subfield>
    <subfield code="l">11</subfield>
    <subfield code="o">617.643 O2011S</subfield>
    <subfield code="p">FD6577</subfield>
    <subfield code="r">2025-08-11 00:00:00</subfield>
    <subfield code="s">2025-08-11</subfield>
    <subfield code="w">2013-06-08</subfield>
    <subfield code="y">BK</subfield>
    <subfield code="k">514</subfield>
  </datafield>
  <datafield tag="952" ind1=" " ind2=" ">
    <subfield code="0">0</subfield>
    <subfield code="1">0</subfield>
    <subfield code="2">ddc</subfield>
    <subfield code="4">0</subfield>
    <subfield code="7">0</subfield>
    <subfield code="a">FD</subfield>
    <subfield code="b">FD</subfield>
    <subfield code="d">2011-11-11</subfield>
    <subfield code="e">U.B.S.DELHI</subfield>
    <subfield code="g">925.00</subfield>
    <subfield code="h">1</subfield>
    <subfield code="i">SGTU</subfield>
    <subfield code="l">21</subfield>
    <subfield code="o">617.643 O2011S</subfield>
    <subfield code="p">FD6578</subfield>
    <subfield code="r">2025-07-29 00:00:00</subfield>
    <subfield code="s">2025-07-29</subfield>
    <subfield code="w">2013-06-08</subfield>
    <subfield code="y">BK</subfield>
    <subfield code="k">514</subfield>
  </datafield>
  <datafield tag="952" ind1=" " ind2=" ">
    <subfield code="0">0</subfield>
    <subfield code="1">0</subfield>
    <subfield code="2">ddc</subfield>
    <subfield code="4">0</subfield>
    <subfield code="7">0</subfield>
    <subfield code="a">FD</subfield>
    <subfield code="b">FD</subfield>
    <subfield code="d">2011-11-11</subfield>
    <subfield code="e">U.B.S.DELHI</subfield>
    <subfield code="g">925.00</subfield>
    <subfield code="h">1</subfield>
    <subfield code="i">SGTU</subfield>
    <subfield code="l">84</subfield>
    <subfield code="m">1</subfield>
    <subfield code="o">617.643 O2011S</subfield>
    <subfield code="p">FD6579</subfield>
    <subfield code="r">2026-05-29 14:38:50</subfield>
    <subfield code="s">2026-04-21</subfield>
    <subfield code="w">2013-06-08</subfield>
    <subfield code="y">BK</subfield>
    <subfield code="k">514</subfield>
  </datafield>
  <datafield tag="999" ind1=" " ind2=" ">
    <subfield code="c">4689</subfield>
    <subfield code="d">4689</subfield>
  </datafield>
</record>
